000 00906nam a22002651u 4500
001 05827
003 HDC
007 cr bn ---
008 210121p xx fo d 00 engg
040 _aHDC
100 _aHJ. MOHD RIDZUAN MUDA
_96132
245 0 _aPEMATUHAN PRODUK HALAL = (HALAL PRODUCT COMPLIANCE)
_c/ by HJ. MOHD RIDZUAN MUDA
260 _a[No place] :
_b[publisher not identified],
_c2011
300 _a47 pages :
_bIllustrations
336 _atext
_2rdacontent
337 _acomputer
_2rdamedia
338 _aonline resource
_2rdacarrier
650 _aHalal certification
_9753
650 _aHalal industry
_9144
650 _aHalal products
_9642
856 _zRequest full-text at [email protected]
942 _2lcc
942 _cSLIDE
942 _kSLID 000626
999 _c3151
_d3151